[Event "Rhein Main op-A 21st"]
[Site "Bad Homburg"]
[Date "2018.06.02"]
[Round "5"]
[White "Schmid, Eugen"]
[Black "Lindam, Ingo"]
[Result "0-1"]
[WhiteElo "1956"]
[BlackElo "2114"]
[PlyCount "88"]
[EventDate "2018.05.30"]
[EventType "swiss"]
[EventRounds "7"]
[EventCountry "GER"]
[SourceTitle "EXT 2019"]
[Source "ChessBase"]
[SourceDate "2018.10.10"]
[SourceVersion "1"]
[SourceVersionDate "2018.10.10"]
[SourceQuality "1"]

1. d4 Nf6 2. Nf3 g6 3. c4 Bg7 4. Nc3 d6 5. e4 0-0 6. Be2 Na6 7. 0-0 e5 8. Be3 Ng4 9. Bg5 Qe8 10. h3 h6 11. Bc1 Nf6 12. dxe5 dxe5 13. Be3 Qe7 14. Nd5 Qd8 15. Nxf6+ Qxf6 16. a3 c5 17. Rb1 Qe7 18. Nd2 f5 19. f3 Rd8 20. Qc2 f4 21. Bf2 Bf6 22. Kh1 Bh4 23. Bg1 Bg3 24. Rfd1 Qh4 25. Bf1 Be6 26. Qc3 Rd4 27. Nb3 Rad8 28. Nxd4 exd4 29. Qd2 g5 30. b4 g4 31. fxg4 Bxg4 32. Rb3 Re8 33. Rxg3 fxg3 34. Qf4 h5 35. e5 Rf8 36. Qe4 Qg5 37. Re1 Nc7 38. bxc5 Ne6 39. Bxd4 Rf4 40. Qe3 Nxd4 41. Qxg3 h4 42. Qc3 Be6 43. Qc1 Qg3 44. Qd1 Bf5 0-1

[Event "Rhein Main op-A 21st"]
[Site "Bad Homburg"]
[Date "2018.05.31"]
[Round "2"]
[White "Lehmann, Tim"]
[Black "Schmid, Eugen"]
[Result "1-0"]
[WhiteElo "1852"]
[BlackElo "1956"]
[PlyCount "55"]
[EventDate "2018.05.30"]
[EventType "swiss"]
[EventRounds "7"]
[EventCountry "GER"]
[SourceTitle "EXT 2019"]
[Source "ChessBase"]
[SourceDate "2018.10.10"]
[SourceVersion "1"]
[SourceVersionDate "2018.10.10"]
[SourceQuality "1"]

1. d4 Nf6 2. Bf4 e6 3. Nf3 c5 4. e3 Qb6 5. Na3 d5 6. Nb5 Na6 7. c3 Bd7 8. a4 c4 9. b3 Rc8 10. bxc4 dxc4 11. Rb1 Qa5 12. Nxa7 Qxc3+ 13. Qd2 Qxd2+ 14. Nxd2 c3 15. Nxc8 cxd2+ 16. Kxd2 Bxc8 17. Bxa6 bxa6 18. Rhc1 Bb4+ 19. Rxb4 0-0 20. f3 Bd7 21. e4 h6 22. Rc7 Rd8 23. Be5 Ne8 24. Ra7 f6 25. Bg3 e5 26. d5 Bc8 27. Rc4 Kf8 28. Bf2 1-0

[Event "Leipzig VfB op 25th"]
[Site "Leipzig"]
[Date "2018.03.24"]
[Round "7"]
[White "Schmid, Eugen"]
[Black "Haufe, Laurin"]
[Result "0-1"]
[WhiteElo "1984"]
[BlackElo "1703"]
[PlyCount "102"]
[EventDate "2018.03.20"]
[EventType "swiss"]
[EventRounds "9"]
[EventCountry "GER"]
[SourceTitle "CBM 183 Extra"]
[Source "ChessBase"]
[SourceDate "2018.04.19"]
[SourceVersion "1"]
[SourceVersionDate "2018.04.19"]
[SourceQuality "1"]

1. d4 Nf6 2. Nf3 c5 3. e3 d5 4. c4 e6 5. Nc3 Nc6 6. Bd3 cxd4 7. exd4 dxc4 8. Bxc4 a6 9. 0-0 b5 10. Bb3 Be7 11. d5 Nxd5 12. Nxd5 exd5 13. Bxd5 Bb7 14. Qb3 0-0 15. Ne5 Nxe5 16. Bxb7 Rb8 17. Be4 Nc4 18. Qc2 Kh8 19. Bf4 Bd6 20. Rad1 Qf6 21. Bxd6 Nxd6 22. Bf3 Rbc8 23. Qd3 Nc4 24. Be4 Nxb2 25. Qh3 h6 26. Rd5 Qf4 27. Bf3 Rc1 28. g4 Rxf1+ 29. Kxf1 Re8 30. g5 Qc1+ 31. Kg2 Qb1 32. gxh6 Qg6+ 33. Kf1 gxh6 34. Rd4 Rg8 35. Bg4 Nc4 36. Qc3 Qg7 37. Bf5 Ne5 38. Rh4 f6 39. Qe3 Nf7 40. Rg4 Qf8 41. Rh4 Rg5 42. Be6 Qd6 43. Rd4 Qxh2 44. Re4 Rg1+ 45. Ke2 Qh5+ 46. f3 Qh2+ 47. Kd3 Qd6+ 48. Kc3 Qa3+ 49. Bb3 Rc1+ 50. Kd4 Qb4+ 51. Kd5 Qd6# 0-1

[Event "Leipzig VfB op 25th"]
[Site "Leipzig"]
[Date "2018.03.22"]
[Round "4"]
[White "Nguyen, Alex Dac Vuong"]
[Black "Schmid, Eugen"]
[Result "1-0"]
[WhiteElo "2194"]
[BlackElo "1984"]
[PlyCount "67"]
[EventDate "2018.03.20"]
[EventType "swiss"]
[EventRounds "9"]
[EventCountry "GER"]
[SourceTitle "CBM 183 Extra"]
[Source "ChessBase"]
[SourceDate "2018.04.19"]
[SourceVersion "1"]
[SourceVersionDate "2018.04.19"]
[SourceQuality "1"]

1. e4 e6 2. d4 d5 3. e5 c5 4. c3 Nc6 5. Nf3 Nge7 6. Na3 cxd4 7. cxd4 Nf5 8. Nc2 Be7 9. a3 a5 10. Bd3 h6 11. h4 g6 12. g3 Bd7 13. Bd2 a4 14. Bc3 h5 15. Qe2 Na5 16. 0-0 Qb6 17. Rad1 Nc4 18. Bxc4 dxc4 19. d5 Bc5 20. Ncd4 Nxd4 21. Nxd4 Bxd4 22. Bxd4 Qa6 23. dxe6 Qxe6 24. Bc5 0-0-0 25. Rd6 Qg4 26. Qd2 Bc6 27. Rxc6+ bxc6 28. Qa5 Qd7 29. Qa8+ Kc7 30. Bd6+ Kb6 31. Qxa4 Qe6 32. Qb4+ Ka6 33. Bc7 Ka7 34. Qb6+ 1-0

[Event "Leipzig VfB op 25th"]
[Site "Leipzig"]
[Date "2018.03.20"]
[Round "1"]
[White "Schmid, Eugen"]
[Black "Ortlepp, Kristina"]
[Result "1/2-1/2"]
[WhiteElo "1984"]
[BlackElo "1691"]
[PlyCount "66"]
[EventDate "2018.03.20"]
[EventType "swiss"]
[EventRounds "9"]
[EventCountry "GER"]
[SourceTitle "CBM 183 Extra"]
[Source "ChessBase"]
[SourceDate "2018.04.19"]
[SourceVersion "1"]
[SourceVersionDate "2018.04.19"]
[SourceQuality "1"]

1. d4 d5 2. Nf3 Bf5 3. e3 Nf6 4. Bd3 Ne4 5. c3 e6 6. Qc2 Bd6 7. Nbd2 Nxd2 8. Bxd2 Bxd3 9. Qxd3 Nd7 10. e4 dxe4 11. Qxe4 c6 12. Bf4 Nf6 13. Qe3 Nd5 14. Bg5 Nxe3 15. Bxd8 Nc2+ 16. Kd2 Nxa1 17. Bg5 h6 18. Be3 0-0 19. Rxa1 f5 20. Ke2 b5 21. h3 Rae8 22. Kf1 f4 23. Bd2 e5 24. dxe5 Bxe5 25. Re1 Bc7 26. Nd4 Rxe1+ 27. Kxe1 Rf6 28. Ke2 Bb6 29. Nf3 g5 30. Kf1 Rd6 31. Ke2 Re6+ 32. Kf1 Rd6 33. Ke2 Rd3 1/2-1/2

[Event "Rhein Main op-A 19th"]
[Site "Bad Homburg"]
[Date "2016.05.28"]
[Round "5"]
[White "Busch, Lorenz"]
[Black "Schmid, Eugen"]
[Result "1-0"]
[WhiteElo "2116"]
[BlackElo "1990"]
[PlyCount "79"]
[EventDate "2016.05.25"]
[EventType "swiss"]
[EventRounds "7"]
[EventCountry "GER"]
[SourceTitle "EXT 2017"]
[Source "ChessBase"]
[SourceDate "2016.10.25"]
[SourceVersion "1"]
[SourceVersionDate "2016.10.25"]
[SourceQuality "1"]

1. e4 e6 2. d4 d5 3. Nc3 Nf6 4. e5 Nfd7 5. f4 c5 6. Nf3 Nc6 7. Be3 Be7 8. Qd2 0-0 9. Be2 b6 10. Nd1 cxd4 11. Nxd4 Nxd4 12. Bxd4 Nc5 13. Nf2 Bb7 14. c3 Qc7 15. h4 f6 16. h5 fxe5 17. fxe5 h6 18. 0-0 Bg5 19. Qc2 Ne4 20. Nxe4 dxe4 21. Qb3 Qd7 22. Rad1 Qe7 23. Bc4 Rae8 24. a4 Bf4 25. Bb5 Rd8 26. Be2 Bd5 27. c4 Bc6 28. Bg4 Rde8 29. g3 Qg5 30. Bh3 Bxg3 31. Rxf8+ Kxf8 32. Rf1+ Bf4+ 33. Bg2 Kg8 34. Qh3 Kh8 35. Kh1 Rd8 36. Bf2 Qxe5 37. Bh4 Rf8 38. Bg3 Rf6 39. Rxf4 Rxf4 40. Qh2 1-0

[Event "Rhein Main op-A 19th"]
[Site "Bad Homburg"]
[Date "2016.05.28"]
[Round "6"]
[White "Schmid, Eugen"]
[Black "Ruell, Michael"]
[Result "1-0"]
[WhiteElo "1990"]
[BlackElo "1799"]
[PlyCount "39"]
[EventDate "2016.05.25"]
[EventType "swiss"]
[EventRounds "7"]
[EventCountry "GER"]
[SourceTitle "EXT 2017"]
[Source "ChessBase"]
[SourceDate "2016.10.25"]
[SourceVersion "1"]
[SourceVersionDate "2016.10.25"]
[SourceQuality "1"]

1. d4 Nf6 2. Nf3 g6 3. c4 Bg7 4. Nc3 0-0 5. e4 d6 6. Be2 Nbd7 7. 0-0 e5 8. Re1 Ne8 9. Bg5 f6 10. Bh4 g5 11. Bg3 f5 12. exf5 g4 13. Nxe5 dxe5 14. dxe5 h5 15. e6 h4 16. Bf4 Nd6 17. exd7 Bxd7 18. Bxd6 Bxc3 19. Bxf8 Bxe1 20. Bc5 1-0

[Event "Rhein Main op-A 19th"]
[Site "Bad Homburg"]
[Date "2016.05.26"]
[Round "3"]
[White "Soppa, Christoph"]
[Black "Schmid, Eugen"]
[Result "1/2-1/2"]
[WhiteElo "1883"]
[BlackElo "1990"]
[PlyCount "49"]
[EventDate "2016.05.25"]
[EventType "swiss"]
[EventRounds "7"]
[EventCountry "GER"]
[SourceTitle "EXT 2017"]
[Source "ChessBase"]
[SourceDate "2016.10.25"]
[SourceVersion "1"]
[SourceVersionDate "2016.10.25"]
[SourceQuality "1"]

1. d4 Nf6 2. c4 e6 3. Nc3 Bb4 4. Qc2 d5 5. e3 c5 6. a3 Bxc3+ 7. bxc3 Nc6 8. Nf3 0-0 9. Bd3 dxc4 10. Bxc4 Qc7 11. 0-0 e5 12. dxe5 Nxe5 13. Nxe5 Qxe5 14. f3 Bd7 15. Rb1 b6 16. e4 Bc6 17. g3 h6 18. Bf4 Qe7 19. Rfd1 Rfd8 20. a4 Qe8 21. Bb5 Bxb5 22. axb5 Rxd1+ 23. Qxd1 Rd8 24. Qe2 Qd7 25. Rb2 1/2-1/2

[Event "Leipzig VfB op 23rd"]
[Site "Leipzig"]
[Date "2016.03.20"]
[Round "9"]
[White "Hentzgen, Thomas"]
[Black "Schmid, Eugen"]
[Result "1-0"]
[WhiteElo "2044"]
[BlackElo "2001"]
[PlyCount "113"]
[EventDate "2016.03.15"]
[EventType "swiss"]
[EventRounds "9"]
[EventCountry "GER"]
[SourceTitle "EXT 2017"]
[Source "ChessBase"]
[SourceDate "2016.10.25"]
[SourceVersion "1"]
[SourceVersionDate "2016.10.25"]
[SourceQuality "1"]

1. c4 e6 2. Nf3 Nf6 3. d4 b6 4. g3 Bb7 5. Bg2 Be7 6. 0-0 0-0 7. Nc3 Na6 8. d5 Bc5 9. e4 exd5 10. cxd5 c6 11. a3 b5 12. b4 Bb6 13. Rb1 Re8 14. Nd4 Nc7 15. Nf5 Rb8 16. Nd6 Rf8 17. Nxb7 Rxb7 18. dxc6 dxc6 19. Bg5 Bd4 20. Ne2 Ne6 21. Nxd4 Qxd4 22. Qxd4 Nxd4 23. Bxf6 gxf6 24. Rb2 Rd7 25. Ra1 Rfd8 26. Kf1 a6 27. h4 Ne6 28. Bh3 Rd1+ 29. Rxd1 Rxd1+ 30. Kg2 Rd3 31. Bxe6 fxe6 32. Rc2 Rxa3 33. Rxc6 Kf7 34. h5 h6 35. Rc7+ Kg8 36. Re7 e5 37. Ra7 Ra4 38. Kf3 Rxb4 39. Rxa6 Kg7 40. Ra7+ Kg8 41. Kg4 Rxe4+ 42. Kf5 Re2 43. Kg6 Kf8 44. Kxh6 Rxf2 45. Kg6 Rg2 46. Ra3 Ke7 47. h6 Rh2 48. h7 Kd6 49. Ra6+ Kc5 50. Rxf6 b4 51. Rf8 b3 52. h8Q Rxh8 53. Rxh8 e4 54. Kf5 e3 55. Kf4 b2 56. Rh1 Kd4 57. Rd1+ 1-0

[Event "Leipzig VfB op 22nd"]
[Site "Leipzig"]
[Date "2015.03.05"]
[Round "4"]
[White "Schmid, Eugen"]
[Black "Bergmann, Thomas"]
[Result "1-0"]
[WhiteElo "1962"]
[BlackElo "1828"]
[PlyCount "125"]
[EventDate "2015.03.03"]
[EventType "swiss"]
[EventRounds "9"]
[EventCountry "GER"]
[SourceTitle "EXT 2016"]
[Source "ChessBase"]
[SourceDate "2015.10.08"]
[SourceVersion "1"]
[SourceVersionDate "2015.10.08"]
[SourceQuality "1"]

1. d4 Nf6 2. Nf3 g6 3. c4 Bg7 4. Nc3 d6 5. e4 0-0 6. Be2 e5 7. 0-0 Nbd7 8. Re1 exd4 9. Nxd4 Nc5 10. f3 a5 11. Nb3 Ne6 12. Be3 a4 13. Nd4 Nc5 14. Qd2 Re8 15. Rad1 Bd7 16. Bf1 h5 17. Nc2 Ne6 18. c5 Bf8 19. cxd6 cxd6 20. Nb4 Bc6 21. Nbd5 Nd7 22. Qf2 Qa5 23. a3 Rac8 24. Nb4 Ndc5 25. Bc4 Qa8 26. Bd5 Qa5 27. Qg3 Qc7 28. Bxe6 Rxe6 29. Nbd5 Qb8 30. Nf4 Ree8 31. Nxh5 Be7 32. Nf4 Bf8 33. Nfd5 Bg7 34. Bd4 Re6 35. Bxg7 Kxg7 36. Nf4 Re5 37. Nd3 Nxd3 38. Rxd3 Rd8 39. Red1 Re6 40. Qf2 b5 41. Qd4+ f6 42. Qb4 Kf7 43. Ne2 g5 44. Nd4 Qb6 45. Kf1 Re5 46. Nxc6 Qxc6 47. Rxd6 Rxd6 48. Qxd6 Qc4+ 49. Qd3 Qc5 50. h3 Kg6 51. Rd2 Qc1+ 52. Kf2 Qc5+ 53. Kg3 Qc7 54. Qd6 Qa5 55. Kh2 Qa7 56. Rc2 Qe3 57. Rc6 Qf4+ 58. Kh1 g4 59. hxg4 Qh6+ 60. Kg1 Qe3+ 61. Kh2 Qh6+ 62. Kg3 Kg7 63. Qxe5 1-0

[Event "Wiesbaden op 25th"]
[Site "Wiesbaden"]
[Date "2013.08.25"]
[Round "6"]
[White "Seidel, Juergen"]
[Black "Schmid, Eugen"]
[Result "0-1"]
[WhiteElo "2061"]
[BlackElo "1985"]
[PlyCount "64"]
[EventDate "2013.08.22"]
[EventType "swiss"]
[EventRounds "7"]
[EventCountry "GER"]
[SourceTitle "CBM 156 Extra"]
[Source "ChessBase"]
[SourceDate "2013.10.22"]
[SourceVersion "1"]
[SourceVersionDate "2013.10.22"]
[SourceQuality "1"]

1. d4 Nf6 2. c4 e6 3. Nc3 Bb4 4. Qc2 0-0 5. a3 Bxc3+ 6. Qxc3 b6 7. Bg5 h6 8. Bh4 Bb7 9. e3 d6 10. f3 Nbd7 11. Bd3 e5 12. e4 exd4 13. Qxd4 Re8 14. Ne2 Qe7 15. 0-0-0 Rad8 16. g4 g5 17. Be1 Nc5 18. Bc2 Ncxe4 19. fxe4 Nxe4 20. Rf1 c5 21. Qd3 d5 22. Nc3 dxc4 23. Qxc4 Rxd1+ 24. Nxd1 Nd6 25. Qd3 Be4 26. Qe2 Bxc2 27. Qxc2 Qe6 28. Bg3 Nb5 29. Re1 Qd7 30. Qd2 Nd4 31. Rxe8+ Qxe8 32. Qc3 Ne2+ 0-1

[Event "Wiesbaden op 25th"]
[Site "Wiesbaden"]
[Date "2013.08.23"]
[Round "2"]
[White "Neurohr, Juergen"]
[Black "Schmid, Eugen"]
[Result "1-0"]
[WhiteElo "2060"]
[BlackElo "1959"]
[PlyCount "71"]
[EventDate "2013.08.22"]
[EventType "swiss"]
[EventRounds "7"]
[EventCountry "GER"]
[SourceTitle "EXT 2014"]
[Source "ChessBase"]
[SourceDate "2013.11.20"]
[SourceVersion "1"]
[SourceVersionDate "2013.11.20"]
[SourceQuality "1"]

1. d4 Nf6 2. c4 e6 3. Nc3 Bb4 4. Qc2 d5 5. a3 Bxc3+ 6. Qxc3 c5 7. dxc5 d4 8. Qc2 Nc6 9. Nf3 e5 10. e3 0-0 11. exd4 exd4 12. Be2 Re8 13. 0-0 Qe7 14. Bd3 Qxc5 15. Bg5 h6 16. Bxf6 gxf6 17. Nh4 Qh5 18. Nf5 Bxf5 19. Bxf5 Re5 20. Bd3 Rae8 21. Rad1 Qh4 22. Qd2 Rh5 23. h3 Rg5 24. Kh1 Kh8 25. Rfe1 Reg8 26. Be4 Rh5 27. Kh2 Rd8 28. Bd5 Rd7 29. Re8+ Kg7 30. Re4 Qg5 31. f4 Qg6 32. Bxc6 bxc6 33. Rxd4 Re7 34. Rd3 Qe4 35. Rg3+ Kh7 36. Qd8 1-0

[Event "Wuerttemberg-ch Seniors op 25th"]
[Site "Freudenstadt"]
[Date "2013.07.06"]
[Round "3"]
[White "Schmid, Eugen"]
[Black "Just, Gabriele"]
[Result "1/2-1/2"]
[WhiteElo "1959"]
[BlackElo "1902"]
[PlyCount "42"]
[EventDate "2013.07.06"]
[EventType "swiss"]
[EventRounds "9"]
[EventCountry "GER"]
[SourceTitle "EXT 2019"]
[Source "ChessBase"]
[SourceDate "2018.10.10"]
[SourceVersion "1"]
[SourceVersionDate "2018.10.10"]
[SourceQuality "1"]

1. d4 e6 2. Nf3 f5 3. c4 Nf6 4. g3 Bb4+ 5. Bd2 Qe7 6. a3 Bxd2+ 7. Qxd2 d6 8. Nc3 0-0 9. Bg2 Nbd7 10. 0-0 e5 11. dxe5 dxe5 12. e4 fxe4 13. Ng5 Nc5 14. Nd5 Qd8 15. Nxf6+ gxf6 16. Qxd8 Rxd8 17. Nxe4 Nxe4 18. Bxe4 c6 19. Rfd1 Bg4 20. f3 Be6 21. b3 a5 1/2-1/2

[Event "Leipzig VfB op 20th"]
[Site "Leipzig"]
[Date "2013.03.09"]
[Round "9"]
[White "Schmid, Eugen"]
[Black "Rohne, Lars"]
[Result "0-1"]
[WhiteElo "1960"]
[BlackElo "2153"]
[PlyCount "42"]
[EventDate "2013.03.05"]
[EventType "swiss"]
[EventRounds "9"]
[EventCountry "GER"]
[SourceTitle "EXT 2014"]
[Source "ChessBase"]
[SourceDate "2013.11.20"]
[SourceVersion "1"]
[SourceVersionDate "2013.11.20"]
[SourceQuality "1"]

1. d4 g6 2. Nf3 Bg7 3. c4 d6 4. Nc3 e5 5. dxe5 dxe5 6. Qxd8+ Kxd8 7. Bg5+ f6 8. 0-0-0+ Bd7 9. Be3 c6 10. Bc5 Nh6 11. h3 Nf7 12. e3 b6 13. Ba3 Bf8 14. Bxf8 Rxf8 15. Be2 Ke7 16. Rd2 Na6 17. Rhd1 Be6 18. b3 Rfd8 19. Nd5+ cxd5 20. cxd5 Bc8 21. Rc2 Nd6 0-1

[Event "Leipzig VfB op 20th"]
[Site "Leipzig"]
[Date "2013.03.08"]
[Round "6"]
[White "Schmid, Eugen"]
[Black "Kolakovic, Klaudio"]
[Result "0-1"]
[WhiteElo "1960"]
[BlackElo "2054"]
[PlyCount "106"]
[EventDate "2013.03.05"]
[EventType "swiss"]
[EventRounds "9"]
[EventCountry "GER"]
[SourceTitle "EXT 2014"]
[Source "ChessBase"]
[SourceDate "2013.11.20"]
[SourceVersion "1"]
[SourceVersionDate "2013.11.20"]
[SourceQuality "1"]

1. d4 Nf6 2. Nf3 g6 3. c4 Bg7 4. Nc3 0-0 5. e4 d6 6. Be2 Nc6 7. d5 Nb4 8. 0-0 Bg4 9. Be3 a5 10. Nd4 Bxe2 11. Qxe2 Qd7 12. f3 e5 13. dxe6 fxe6 14. Rfd1 Qf7 15. a3 Na6 16. Rab1 Nc5 17. b3 Rfd8 18. Ndb5 Qe7 19. Qf2 Ne8 20. Qc2 c6 21. Nd4 e5 22. Nde2 Ne6 23. Na4 c5 24. Nb6 Ra6 25. Nd5 Qd7 26. Nec3 Nd4 27. Qf2 Nc7 28. Nxc7 Qxc7 29. Nd5 Qd7 30. Bxd4 exd4 31. a4 Qf7 32. Qh4 Re8 33. Rd3 Raa8 34. Rbd1 Re5 35. g4 Rae8 36. Re1 g5 37. Qg3 R5e6 38. Re2 Be5 39. Qe1 Ra8 40. h4 gxh4 41. Qxh4 Bf4 42. Rg2 Rh6 43. Qe1 Rh3 44. Kf2 Be3+ 45. Rxe3 dxe3+ 46. Qxe3 Qg7 47. Nc3 Rf8 48. Rg3 Rh2+ 49. Rg2 Rh1 50. Rg1 Rxg1 51. Kxg1 Qe5 52. Kg2 h5 53. gxh5 Kh7 0-1

[Event "Leipzig VfB op 20th"]
[Site "Leipzig"]
[Date "2013.03.06"]
[Round "2"]
[White "Schmid, Eugen"]
[Black "Pruefer, Friedbert"]
[Result "0-1"]
[WhiteElo "1960"]
[BlackElo "2154"]
[PlyCount "88"]
[EventDate "2013.03.05"]
[EventType "swiss"]
[EventRounds "9"]
[EventCountry "GER"]
[SourceTitle "EXT 2014"]
[Source "ChessBase"]
[SourceDate "2013.11.20"]
[SourceVersion "1"]
[SourceVersionDate "2013.11.20"]
[SourceQuality "1"]

1. d4 Nf6 2. Nf3 g6 3. c4 Bg7 4. Nc3 d5 5. cxd5 Nxd5 6. Bd2 0-0 7. Rc1 c5 8. e4 Nxc3 9. Bxc3 cxd4 10. Nxd4 Bd7 11. Be2 Nc6 12. 0-0 Nxd4 13. Bxd4 Bc6 14. Bxg7 Kxg7 15. Qc2 Qa5 16. a3 Rac8 17. Qb1 Rfd8 18. Rfd1 Qe5 19. Bf3 Qf4 20. Rxd8 Rxd8 21. Qc2 Qd2 22. h3 Qxc2 23. Rxc2 e5 24. Rc3 Rd4 25. Kf1 a6 26. Re3 Kf6 27. Ke1 Ke7 28. g4 f6 29. h4 h6 30. Kf1 f5 31. gxf5 gxf5 32. exf5 Bxf3 33. Rxf3 Rxh4 34. f6+ Kf7 35. Rf5 Rh1+ 36. Kg2 Rb1 37. b4 Rb3 38. Rxe5 Kxf6 39. Ra5 Kg6 40. Kh2 Rf3 41. Kg2 Rf5 42. Rxf5 Kxf5 43. Kg3 Kg5 44. f3 h5 0-1

[Event "Stuttgart-chA int"]
[Site "Ditzingen"]
[Date "2010.05.15"]
[Round "6"]
[White "Baskin, Robert"]
[Black "Schmid, Eugen"]
[Result "0-1"]
[WhiteElo "1828"]
[BlackElo "1974"]
[PlyCount "126"]
[EventDate "2010.05.13"]
[EventType "swiss"]
[EventRounds "7"]
[EventCountry "GER"]
[SourceTitle "EXT 2018"]
[Source "ChessBase"]
[SourceDate "2017.10.13"]
[SourceVersion "1"]
[SourceVersionDate "2017.10.13"]
[SourceQuality "1"]

1. e4 e6 2. d4 d5 3. Nc3 Nf6 4. e5 Nfd7 5. f4 c5 6. Nf3 Nc6 7. Be3 a6 8. Be2 cxd4 9. Nxd4 Nxd4 10. Bxd4 Qc7 11. 0-0 Bc5 12. Bf3 0-0 13. Ne2 Be7 14. c3 b5 15. Be3 Bb7 16. Nd4 Rac8 17. a4 b4 18. cxb4 Bxb4 19. Qb3 Be7 20. Rac1 Nc5 21. Qa3 Qd7 22. Bd1 Ne4 23. Qd3 Rxc1 24. Bxc1 Rc8 25. Bc2 Rc4 26. Be3 g6 27. Rd1 Qc8 28. Bb3 Nc5 29. Qd2 Nxb3 30. Nxb3 Rxa4 31. Rc1 Rc4 32. Na5 Rxc1+ 33. Qxc1 Qxc1+ 34. Bxc1 Bc5+ 35. Kf1 Bc8 36. Ke2 Bd7 37. Nb3 Bb5+ 38. Kf3 Be7 39. Be3 Bc4 40. Na5 Bb5 41. Nb3 Kg7 42. Nd4 Kf8 43. Nb3 Ke8 44. Bc5 Bd8 45. Ke3 h5 46. Kd4 Kd7 47. Nd2 a5 48. Bd6 Kc6 49. Bc5 Be2 50. Nb1 Bc4 51. Nc3 Bb3 52. Nb1 a4 53. Nc3 Ba5 54. g3 Bc2 55. Na2 Be1 56. Ba3 Bf2+ 57. Kc3 Bb3 58. Nb4+ Kb5 59. Kd2 Bc4 60. Nc2 Bg1 61. Ke1 Bxh2 62. Nd4+ Kb6 63. Kf2 h4 0-1

[Event "Stuttgart-chA int"]
[Site "Ditzingen"]
[Date "2010.05.13"]
[Round "1"]
[White "Aring, Gerd"]
[Black "Schmid, Eugen"]
[Result "1-0"]
[WhiteElo "2190"]
[BlackElo "1974"]
[PlyCount "33"]
[EventDate "2010.05.13"]
[EventType "swiss"]
[EventRounds "7"]
[EventCountry "GER"]
[SourceTitle "EXT 2018"]
[Source "ChessBase"]
[SourceDate "2017.10.13"]
[SourceVersion "1"]
[SourceVersionDate "2017.10.13"]
[SourceQuality "1"]

1. d4 Nf6 2. c4 e6 3. Nf3 b6 4. g3 Bb7 5. Bg2 Be7 6. 0-0 0-0 7. d5 Na6 8. Nd4 c6 9. dxe6 dxe6 10. Nxc6 Qc7 11. Bf4 Qxc6 12. Bxc6 Bxc6 13. Nc3 Rfd8 14. Qb3 h6 15. Rad1 Nh7 16. Rxd8+ Rxd8 17. Rd1 1-0

[Event "Stuttgart-chA int"]
[Site "Ditzingen"]
[Date "2009.05.24"]
[Round "7"]
[White "Nagelsdiek, Michael"]
[Black "Schmid, Eugen"]
[Result "1-0"]
[WhiteElo "2120"]
[BlackElo "1944"]
[PlyCount "81"]
[EventDate "2009.05.21"]
[EventType "swiss"]
[EventRounds "7"]
[EventCountry "GER"]
[SourceTitle "EXT 2018"]
[Source "ChessBase"]
[SourceDate "2017.10.13"]
[SourceVersion "1"]
[SourceVersionDate "2017.10.13"]
[SourceQuality "1"]

1. d4 Nf6 2. Nf3 e6 3. Bf4 d5 4. e3 Bd6 5. Nbd2 c5 6. Bb5+ Nc6 7. Ne5 Qc7 8. c3 0-0 9. Ndf3 Nd7 10. Nxd7 Bxd7 11. Bxd6 Qxd6 12. Ba4 Rad8 13. 0-0 b6 14. Re1 Rfe8 15. e4 dxe4 16. Rxe4 cxd4 17. Nxd4 Ne7 18. Bb3 Ng6 19. Qh5 Qc5 20. Qxc5 bxc5 21. Nc2 Bb5 22. Na3 Bc6 23. Rc4 Rd5 24. Ba4 Bxa4 25. Rxa4 Red8 26. g3 R8d7 27. Nb5 Ne5 28. Nxa7 Rd2 29. b4 cxb4 30. cxb4 Nd3 31. Nc6 g6 32. Rf1 Rb2 33. a3 Rd6 34. Ra8+ Kg7 35. Na5 Rd5 36. Nc4 Ra2 37. Rc8 Rc2 38. Nb6 Rxc8 39. Nxc8 Rd8 40. Rd1 Rd5 41. Nb6 1-0